000 00878nam a2200241Ia 4500
003 OSt
005 20220918110857.0
006 a|||||r|||| 00| 0
007 ta
008 220915b |||||||| |||| 00| 0 hin d
024 _a221954
037 _cReference Collections
040 _aARTS
_cARTS
_bhin
041 _2hin
_ahin
082 _aO152v, K5;N4.1-.2(RR)
100 _aमिश्र, विश्वनाथ प्रसाद
_99978
245 0 _aहिन्दी साहित्य का अतीत
246 _aHindī sāhitya kā atīta
260 _aनई दिल्ली
_bवाणी प्रका0
_c1994
650 _aहिन्दी साहित्य
942 _hO152v, K5;N4.1-.2(RR)
_cREF
999 _c115459
_d115459